000 003500000a22001450004500
005 20120302065113.0
942 _cBOOK
100 _a Khandekar, Bhalchandra
245 _a Rang Maza Vegala (Suresh Bhat)
260 _aPune:Anmol Prakashan, 1989
300 _a75p
040 _aMar
365 _b10/-
650 _aKavyasangrahacha Abhyas, Sankeerna
999 _c363900
_d363897